BIBLIOTECA PODER JUDICIAL
Portal Judicial TDF

La legítima defensa y causas de justificación en el Proyecto de Ley Ómnibus del PEN / (Registro nro. 6448)

000 -LEADER
fixed length control field 01112nab a22002417a 4500
003 - CONTROL NUMBER IDENTIFIER
control field OSt
005 - DATE AND TIME OF LATEST TRANSACTION
control field 20260204111302.0
008 - FIXED-LENGTH DATA ELEMENTS--GENERAL INFORMATION
fixed length control field 190429b xxu||||| |||| 00| 0 spa d
040 ## - CATALOGING SOURCE
Transcribing agency PJ
100 ## - MAIN ENTRY--PERSONAL NAME
Personal name Saldaño, Darío
9 (RLIN) 6541
245 13 - TITLE STATEMENT
Title La legítima defensa y causas de justificación en el Proyecto de Ley Ómnibus del PEN /
Statement of responsibility, etc Darío Saldaño.
260 ## - PUBLICATION, DISTRIBUTION, ETC. (IMPRINT)
Date of publication, distribution, etc Ciudad Autónoma de Buenos Aires :
Place of publication, distribution, etc Thomson Reuters La Ley,
Name of publisher, distributor, etc 2024.
300 ## - PHYSICAL DESCRIPTION
Extent p. 16-21
500 ## - GENERAL NOTE
General note Cita Online: AR/DOC/63/2024.
505 ## - FORMATTED CONTENTS NOTE
Formatted contents note Sumario: I. Introducción conceptual.— II. Reforma del art. 34 inc. 4 del Cód. Penal.— III. Reforma del art. 34 inc. 6 del Cód. Penal.— IV. Conclusiones.
505 ## - FORMATTED CONTENTS NOTE
Title Si te interesa el texto completo, solicitalo a koha@justierradelfuego.gov.ar
650 #0 - SUBJECT ADDED ENTRY--TOPICAL TERM
9 (RLIN) 343
Topical term or geographic name as entry element DERECHO PENAL
650 #0 - SUBJECT ADDED ENTRY--TOPICAL TERM
9 (RLIN) 4193
Topical term or geographic name as entry element PROYECTO DE LEY
650 #0 - SUBJECT ADDED ENTRY--TOPICAL TERM
9 (RLIN) 2793
Topical term or geographic name as entry element LEGÍTIMA DEFENSA
650 #0 - SUBJECT ADDED ENTRY--TOPICAL TERM
9 (RLIN) 4805
Topical term or geographic name as entry element EXCESO EN LA LEGITIMA DEFENSA
773 0# - HOST ITEM ENTRY
Host Biblionumber 2658
Host Itemnumber 3164
Title Revista de derecho penal y criminología. Nº 2 - Marzo 2024
Place, publisher, and date of publication Ciudad Autónoma de Buenos Aires : Thomson Reuters La Ley, 2017-
International Standard Serial Number 00347914
942 ## - ADDED ENTRY ELEMENTS (KOHA)
Source of classification or shelving scheme
Koha item type Analítica Artículo de Revista

No hay ítems disponibles.

12 de Octubre 789 Ushuaia - Tel:  54(02901)441571
Horario de Atención: 8.00 a 17.00 hs. 
bibliotecaush@justierradelfuego.gov.ar
koha@justierradelfuego.gov.ar
Seguinos en nuestras redes @bibliojustdf 

Con tecnología Koha